000 00426nam a22001697a 4500
005 20180810123232.0
008 160618b xxu||||| |||| 00| 0 eng d
020 _a81-7649-272-8
041 _aeng
082 _b8178
_a658.3
100 _aSharma, V.K.
_92241
245 _aHuman Resource Management: evalution and the challenges aheed
260 _bviva books
300 _a136p,
650 _aManagement
_9241
942 _cBK
999 _c3132
_d3131